| 000 | 00673 a2200145 4500 | ||
|---|---|---|---|
| 003 | Nust | ||
| 005 | 20170207154319.0 | ||
| 040 | _cNust | ||
| 082 | _a005.1 | ||
| 100 | _aSyed Altan Haider BESE-14 | ||
| 245 |
_aTextual Content Based Video Indexing & Retrieval (TCBVIR) (Hard / Soft-copy) _cNC Syed Altan Haider, NC Asmat Jamal, NC Sardar Muhammad Asadullah Khan |
||
| 260 |
_aMCS _cJuly 2012 |
||
| 505 | _aIntroduction (Page-1) Literature Review (Page-5) System Requirements Specification (Page-15) Systems Design and Specifications (Page-42) System Implementation (Page-57) Test Case and Result (Page-64) Conclusion and Future Work (Page-66) | ||
| 538 | _aAlmirah No 71 Shelf No 6 | ||
| 942 | _cTHS | ||
| 999 |
_c196680 _d196680 |
||